Adaptácia trénovacích algoritmov rekurentných neurónových sietí pre prostredie viacprocesorových počítačov

Saved in:
Bibliographic Details
Main Author: Poláčik, Michal, 1985- (Author)
Other Authors: Čerňanský, Michal, 1976- (Thesis advisor)
Format: Manuscript Book
Language:Slovak
Published: STU v Bratislave FIIT, 2009
Subjects:
Tags: Add Tag
No Tags, Be the first to tag this record!

MARC

LEADER 00000ntm a22000003a 4500
001 stu190035
005 20180423160335.2
008 090917s2009----xo------------------slo-d
040 |a STU  |b slo 
041 0 |a slo 
044 |a xo 
100 1 |a Poláčik, Michal,  |d 1985-  |4 aut  |u I300  |U FIIT Fakulta informatiky a informačných technológií  |T FIIT Ústav aplikovanej informatiky  |X 17002  |U I300  |Y 180  |7 A000017002 
245 1 |a Adaptácia trénovacích algoritmov rekurentných neurónových sietí pre prostredie viacprocesorových počítačov 
260 |b STU v Bratislave FIIT,  |c 2009 
300 |a 76 s 
650 7 |a softvérové inžinierstvo  |2 stusub 
700 1 |a Čerňanský, Michal,  |d 1976-  |4 ths  |u I300  |U FIIT Fakulta informatiky a informačných technológií  |T FIIT Ústav aplikovanej informatiky  |X 4236  |U I300  |Y 180  |7 4236 
996 |c I*DP83/09  |l II680  |s P  |a 0  |w stu190035_0001